| 000 -LEADER |
| fixed length control field |
01158cam a2200301 a 4500 |
| 001 - CONTROL NUMBER |
| control field |
002153821 |
| 003 - CONTROL NUMBER IDENTIFIER |
| control field |
OCoLC |
| 005 - DATE AND TIME OF LATEST TRANSACTION |
| control field |
20190807084837.0 |
| 008 - FIXED-LENGTH DATA ELEMENTS--GENERAL INFORMATION |
| fixed length control field |
110703s2011 enkabc e 001 0 eng |
| 015 ## - NATIONAL BIBLIOGRAPHY NUMBER |
| National bibliography number |
GBB159332 |
| Source |
bnb |
| 020 ## - INTERNATIONAL STANDARD BOOK NUMBER |
| International Standard Book Number |
9781405361651 (hbk) |
| 020 ## - INTERNATIONAL STANDARD BOOK NUMBER |
| International Standard Book Number |
1405361654 (hbk) |
| 035 ## - SYSTEM CONTROL NUMBER |
| System control number |
(OCoLC)742950944 |
| 040 ## - CATALOGING SOURCE |
| Original cataloging agency |
AU@ |
| Language of cataloging |
eng |
| Transcribing agency |
AU@ |
| Modifying agency |
BTCTA |
| -- |
UKMGB |
| -- |
EUW |
| -- |
YDXCP |
| -- |
KMS |
| -- |
STF |
| -- |
NLE |
| 042 ## - AUTHENTICATION CODE |
| Authentication code |
nbic |
| 082 ## - DEWEY DECIMAL CLASSIFICATION NUMBER |
| Classification number |
599.938 EVO |
| 245 00 - TITLE STATEMENT |
| Title |
Evolution : |
| Remainder of title |
the human story / |
| Statement of responsibility, etc. |
[foreword by Alice Roberts] |
| 260 ## - PUBLICATION, DISTRIBUTION, ETC. |
| Place of publication, distribution, etc. |
London : |
| Name of publisher, distributor, etc. |
DK, |
| Date of publication, distribution, etc. |
2011. |
| 300 ## - PHYSICAL DESCRIPTION |
| Extent |
256 p. : |
| Other physical details |
col. ill., col. maps ; |
| Dimensions |
31 cm. |
| 500 ## - GENERAL NOTE |
| General note |
Includes index. |
| 505 0# - FORMATTED CONTENTS NOTE |
| Formatted contents note |
Understanding our past -- Primates -- Hominins -- Out of Africa -- From hunters to farmers. |
| 520 ## - SUMMARY, ETC. |
| Summary, etc. |
Come face to face with our ancestors Travel back 8 million years with Evolution The Human Story and go on a fascinating journey to discover how our species has developed from tree-dwelling primates to modern humans. |
| 650 #0 - SUBJECT ADDED ENTRY--TOPICAL TERM |
| Topical term or geographic name entry element |
Human beings |
| General subdivision |
Migrations. |
| 650 #0 - SUBJECT ADDED ENTRY--TOPICAL TERM |
| Topical term or geographic name entry element |
Human evolution. |
| 650 #0 - SUBJECT ADDED ENTRY--TOPICAL TERM |
| Topical term or geographic name entry element |
Paleoanthropology. |
| 700 1# - ADDED ENTRY--PERSONAL NAME |
| Personal name |
Roberts, Alice M. |
| Relator term |
Writer of foreword |
| 942 ## - ADDED ENTRY ELEMENTS (KOHA) |
| Source of classification or shelving scheme |
|
| Koha item type |
Books - Non Ficton |